00496nam a2200121 a 450000500170000000800410001702000150005805000220007324500890009526000330018452001170021765000400033420140414132052.0110725s19uu xx 00 eng d a0753403463 aREF 909bK58 1999 aThe kingfisher history encyclopedia Vol.8 :bUnification and colonization 1836-1913. aLondon :bKingfisher,c1999. aA reference guide to world history, featuring a timeline, key date boxes, and biographies of historical figures. aWorld historyxJuvenile literature.